000 01559ngm a22004572a 4500
001 on1237282790
005 20241021183244.0
007 vd cvaizs
008 210301s2020 xxu151 e vleng d
020 _c$28.99
020 _a13577098
024 1 _a883929674091
040 _erda
092 _advd
245 0 0 _aWonder Woman 1984
_h[dvd].
260 _a[United States] :
_bWarner Bros.,
_c2021.
264 _a[United States] :
_bWarner Bros.,
_c2021.
300 _a2 videodiscs (ca. 151 min.) :
_bsd., col. ;
_c4 3/4 in.
508 _aDirector, Patty Jenkins.
511 1 _aGal Gadot, Connie Nielsen, Pedro Pascal, Chris Pine, Kristen Wiig, Robin Wright, Gabriella Wilde, Kristoffer Polaha.
520 _aFast forward to the 1980s as Wonder Woman's next big-screen adventure finds her facing an all-new foe: The Cheetah and Max Lord.
650 4 _aAction / Adventure.
650 4 _aFantasy.
650 4 _aSci-Fi.
_95685827
650 0 _aFeature films
655 4 _aAction.
700 1 _aGadot, Gal
_95967912
700 1 _aNielsen, Connie,
_91025
700 1 _aPascal, Pedro
_95725941
700 1 _aPine, Chris
_95897498
700 1 _aWiig, Kristen,
_95736944
700 1 _aWright, Robin
_95895221
700 1 _aWilde, Gabriella
_96272228
700 1 _aPolaha, Kristoffer,
_96411936
856 7 _3View cover art
_uhttp://midwesttapes.com/images/movies/000/000/000/013/577/000000000013577129.jpg
_2http
942 _2ddc
_cDVD
999 _c360085
_d360085
999 _b03640668